000 00533nam a2200193 i 4500
001 26303
003 ES-MaACL
007 t|
008 030108s1955 sp ||||1| spa d
100 1 _aAulestia, Salvador.
_923907
245 1 3 _aEl enigma de su personalidad /
_cS. Aulestia.
250 _a[1ª ed.].
260 _aBarcelona :
_bA.H.R.,
_c[1955] (
_fImp. Estampa)
300 _a325 p., 79 lám ;
_c21 cm.
490 1 _aAmanecer
830 0 _aAmanecer
_9181036
852 _aES-MaACL
_jC-9580
_bR.37941
999 _c26303
_d26303